[Event "Fagernes Chess International"]
[Site "Fagernes"]
[Date "2015.03.29"]
[Round "3"]
[White "Johnsen, Kjell Magne"]
[Black "Olsen, Robin"]
[Result "1/2-1/2"]
[WhiteElo "2099"]
[BlackElo "2030"]
[PlyCount "125"]
[EventDate "2015.??.??"]

1. d4 Nf6 2. c4 c5 3. d5 b5 4. cxb5 a6 5. bxa6 Bxa6 6. Nc3 d6 7. Nf3 g6 8. e4
Bxf1 9. Kxf1 Bg7 10. g3 O-O 11. Kg2 Qb6 12. Qe2 Qa6 13. Qc2 Nbd7 14. Bd2 Ng4
15. h3 Nge5 16. Nxe5 Nxe5 17. a4 Qd3 18. Qxd3 Nxd3 19. b3 f5 20. exf5 Rxf5 21.
Rhf1 Nb4 22. g4 Rff8 23. Rad1 Rab8 24. Nb5 Nxd5 25. f4 Rb7 26. Rf3 Nc7 27. Nxc7
Rxc7 28. Ba5 Rb7 29. Rdd3 Kf7 30. f5 Ke8 31. fxg6 Rxf3 32. Kxf3 hxg6 33. h4 Kd7
34. h5 gxh5 35. gxh5 Bh6 36. Kg4 e6 37. Be1 Kc6 38. Rf3 Rg7+ 39. Kh4 e5 40. Rg3
Rh7 41. Rg6 Bf4 42. b4 cxb4 43. Bxb4 e4 44. Bc3 Kd5 45. Kg4 Be5 46. Rg5 Rf7 47.
Bxe5 dxe5 48. Rf5 Rxf5 49. Kxf5 e3 50. h6 e2 51. h7 e1=Q 52. h8=Q Qe4+ 53. Kf6
Qf4+ 54. Ke7 Qxa4 55. Kf7 Qf4+ 56. Ke7 Qg5+ 57. Kf7 Qf5+ 58. Ke7 Qe6+ 59. Kd8
Qb6+ 60. Kc8 Qa6+ 61. Kd7 Qc6+ 62. Ke7 Qd6+ 63. Kf7
1/2-1/2

[Event "Fagernes Chess International"]
[Site "Fagernes"]
[Date "2015.03.29"]
[Round "3"]
[White "Taksrud, Vidar"]
[Black "Løbersli, Henrik Øie"]
[Result "0-1"]
[WhiteElo "2009"]
[BlackElo "2078"]
[PlyCount "124"]
[EventDate "2015.??.??"]

1. d4 d5 2. Nf3 Nf6 3. c4 e6 4. Nc3 Nbd7 5. Bg5 Bb4 6. Qb3 Bxc3+ 7. Qxc3 O-O 8.
e3 c6 9. Ne5 Qc7 10. Nxd7 Ne4 11. Bf4 Qxd7 12. Qc2 b6 13. f3 Nf6 14. Be5 Qe7
15. c5 bxc5 16. dxc5 Ne8 17. Bd3 g6 18. h4 f6 19. Bf4 e5 20. Bh6 Ng7 21. g4 f5
22. gxf5 Bxf5 23. e4 Be6 24. O-O-O Rxf3 25. h5 d4 26. hxg6 hxg6 27. Kb1 Qf6 28.
Rh2 Rf8 29. Bxg7 Kxg7 30. Rdh1 Bg8 31. Qd2 Qf4 32. Qd1 Qe3 33. Bc2 Rf2 34. Rh3
R8f3 35. Rxf3 Qxf3 36. Qc1 Qf4 37. b4 Qxc1+ 38. Rxc1 Bc4 39. Ba4 Bd3+ 40. Ka1
Rf6 41. Bc2 Ba6 42. a4 Rf1 43. Kb2 Rxc1 44. Kxc1 Bc4 45. Kd2 Kf6 46. Bd1 Ke7
47. Bc2 Kd7 48. Bd1 Kc7 49. Kc2 Kb7 50. Bg4 g5 51. Bd7 Be2 52. Kd2 d3 53. Bh3
g4 54. Bg2 a5 55. bxa5 Ka6 56. Kc3 Kxa5 57. Kd2 Kxa4 58. Kc3 Kb5 59. Kd2 Kxc5
60. Kc3 Kb5 61. Bh1 c5 62. Bg2 c4
0-1

[Event "Fagernes Chess International"]
[Site "Fagernes"]
[Date "2015.03.29"]
[Round "3"]
[White "Bentsen, Håkon"]
[Black "Melkevik, Johannes"]
[Result "1/2-1/2"]
[WhiteElo "2050"]
[BlackElo "2014"]
[PlyCount "44"]
[EventDate "2015.??.??"]

1. e4 e6 2. d4 d5 3. Nd2 Nf6 4. e5 Nfd7 5. Bd3 c5 6. c3 Nc6 7. Ne2 cxd4 8. cxd4
f6 9. exf6 Nxf6 10. O-O Bd6 11. Nf3 Qc7 12. Bg5 O-O 13. Bh4 Nh5 14. Qc2 h6 15.
Bg6 Rxf3 16. gxf3 Bxh2+ 17. Kg2 Nf4+ 18. Nxf4 Qxf4 19. Bg3 Bxg3 20. fxg3 Qxd4
21. Rac1 Bd7 22. Qc3 Qf6
1/2-1/2

[Event "Fagernes Chess International"]
[Site "Fagernes"]
[Date "2015.03.29"]
[Round "3"]
[White "Berg-Olsen, Sebastian N"]
[Black "Hoem, Tor Wetle"]
[Result "0-1"]
[WhiteElo "1342"]
[BlackElo "2039"]
[PlyCount "40"]
[EventDate "2015.??.??"]

1. e4 c5 2. Nf3 d6 3. d4 cxd4 4. Nxd4 Nf6 5. Nc3 g6 6. Be3 Bg7 7. Qd2 Nc6 8.
Bb5 Bd7 9. Nxc6 bxc6 10. Bc4 O-O 11. h3 Qb8 12. Bb3 Rd8 13. O-O-O a5 14. f3 c5
15. a4 Qb4 16. g4 c4 17. Ba2 Rab8 18. Nb5 Qxa4 19. Na3 Nxe4 20. Qg2 Bxb2+
0-1

[Event "Fagernes Chess International"]
[Site "Fagernes"]
[Date "2015.03.29"]
[Round "3"]
[White "Machlik, Endre"]
[Black "Jacobsen, Fredrik Beer"]
[Result "1-0"]
[WhiteElo "2036"]
[BlackElo "2011"]
[PlyCount "39"]
[EventDate "2015.??.??"]

1. d4 Nf6 2. c4 e6 3. Nc3 Bb4 4. Qc2 d5 5. a3 Bxc3+ 6. Qxc3 b6 7. Bg5 Bb7 8.
Nf3 Nbd7 9. e3 Rc8 10. c5 Ne4 11. Bxd8 Nxc3 12. Bh4 Ne4 13. b4 O-O 14. Bd3 Rfe8
15. Rc1 c6 16. Bxe4 dxe4 17. Nd2 f5 18. Nc4 Rf8 19. Nd6 Rc7 20. Bg3
1-0

[Event "Fagernes Chess International"]
[Site "Fagernes"]
[Date "2015.03.29"]
[Round "3"]
[White "Kløfsrud, August Kristiansen"]
[Black "Pettersen, Joar Gullestad"]
[Result "1/2-1/2"]
[WhiteElo "1571"]
[BlackElo "1979"]
[PlyCount "98"]
[EventDate "2015.??.??"]

1. d4 e6 2. c4 f5 3. Nc3 Nf6 4. Nf3 Bb4 5. Bg5 h6 6. Bd2 a5 7. g3 O-O 8. Bg2
Bxc3 9. Bxc3 Ne4 10. Qc2 d6 11. Nd2 Nxc3 12. Qxc3 Qf6 13. O-O Nd7 14. e4 c5 15.
d5 Qxc3 16. bxc3 e5 17. exf5 Rxf5 18. Bh3 Rf8 19. Bxd7 Bxd7 20. Ne4 Ra6 21.
Rab1 Bg4 22. Rfe1 Rf7 23. Re3 Bf3 24. Ree1 g5 25. Re3 Kf8 26. h3 Ke8 27. g4 Kd8
28. Nd2 e4 29. Nxe4 Bxe4 30. Rxe4 Kc7 31. Kg2 Ra8 32. Re6 Raf8 33. Rb2 Rh7 34.
Rg6 Rf4 35. Re2 Rxc4 36. Re3 a4 37. a3 b5 38. Rf6 Rf4 39. Rxf4 gxf4 40. Re4 Rf7
41. Kf3 Kd7 42. h4 Rf8 43. Re6 Re8 44. Rxh6 b4 45. axb4 cxb4 46. cxb4 a3 47.
Rh7+ Re7 48. Rh8 Re8 49. Rh7+ Re7
1/2-1/2

[Event "Fagernes Chess International"]
[Site "Fagernes"]
[Date "2015.03.29"]
[Round "3"]
[White "Ali, Karim"]
[Black "Machlik, Monika"]
[Result "0-1"]
[WhiteElo "1798"]
[BlackElo "1967"]
[PlyCount "58"]
[EventDate "2015.??.??"]

1. b3 e5 2. Bb2 Nc6 3. e3 Nf6 4. Bb5 Bd6 5. d4 exd4 6. exd4 O-O 7. Nf3 Re8+ 8.
Kf1 Ne7 9. Nbd2 c6 10. Bd3 Bc7 11. g3 d5 12. Kg2 Bf5 13. Be2 h6 14. Re1 Nc8 15.
Ne5 Nd6 16. Nf1 Ba5 17. c3 Nfe4 18. b4 Bc7 19. Ne3 Bh7 20. Bh5 Re7 21. Kf1 Nb5
22. Rc1 Nbd6 23. c4 dxc4 24. N3xc4 Nf6 25. Bf3 Nxc4 26. Rxc4 Nd5 27. b5 Ba5 28.
bxc6 Bxe1 29. cxb7 Rxb7
0-1

[Event "Fagernes Chess International"]
[Site "Fagernes"]
[Date "2015.03.29"]
[Round "3"]
[White "Machlik, Jon"]
[Black "Dybvik, Bjørn Noralf"]
[Result "1-0"]
[WhiteElo "1947"]
[BlackElo "1650"]
[PlyCount "67"]
[EventDate "2015.??.??"]

1. e4 c6 2. d4 d5 3. exd5 cxd5 4. c4 Nf6 5. Nc3 e6 6. Nf3 Nc6 7. Bf4 Bb4 8. a3
Bxc3+ 9. bxc3 Ne4 10. Rc1 O-O 11. Bd3 Re8 12. O-O Qa5 13. Qb3 Qd8 14. Qc2 f5
15. Ne5 Nxe5 16. Bxe5 Nf6 17. cxd5 Nxd5 18. Rfe1 Bd7 19. c4 Nf6 20. h3 g6 21.
Qb2 b6 22. d5 Kf7 23. dxe6+ Bxe6 24. Be2 Qe7 25. Bf3 Rac8 26. Qd4 Red8 27. Qf4
Qxa3 28. Bxf6 Re8 29. Be5 h5 30. Bb7 Rcd8 31. Bc6 Rg8 32. Bc7 Rde8 33. Bd6 Qb3
34. Qg5
1-0

[Event "Fagernes Chess International"]
[Site "Fagernes"]
[Date "2015.03.29"]
[Round "3"]
[White "Omtvedt, Per"]
[Black "Mansoor, Afras"]
[Result "1-0"]
[WhiteElo "1919"]
[BlackElo "1625"]
[PlyCount "75"]
[EventDate "2015.??.??"]

1. e4 c6 2. d4 d5 3. exd5 cxd5 4. Bd3 Nc6 5. c3 g6 6. Nf3 Bf5 7. O-O Bg7 8. Re1
e6 9. Bxf5 gxf5 10. Qd3 Nge7 11. Ne5 O-O 12. Nd2 Nxe5 13. dxe5 Ng6 14. Nf3 Qc7
15. Qe2 b5 16. h4 Rab8 17. h5 Ne7 18. a3 h6 19. Bf4 Kh7 20. g3 Qc4 21. Qe3 Qc7
22. Qd4 a5 23. Rac1 Rfc8 24. Qd3 Nc6 25. g4 Ne7 26. Nd4 Rg8 27. Kh1 Qd7 28.
gxf5 Nxf5 29. Nxf5 exf5 30. Rg1 Rbc8 31. Rcd1 Rc4 32. Bg3 Kh8 33. Qxd5 Qe7 34.
Rd4 Rc5 35. Qd6 Qxd6 36. Rxd6 Bxe5 37. Bxe5+ Rxe5 38. Rxh6#
1-0

[Event "Fagernes Chess International"]
[Site "Fagernes"]
[Date "2015.03.29"]
[Round "3"]
[White "Nordquelle, Daniel"]
[Black "Wærstad, Leif E"]
[Result "1-0"]
[WhiteElo "1874"]
[BlackElo "1622"]
[PlyCount "47"]
[EventDate "2015.??.??"]

1. e4 c5 2. c3 Nc6 3. d4 cxd4 4. cxd4 d5 5. exd5 Qxd5 6. Nf3 Nf6 7. Nc3 Qd8 8.
Be2 e6 9. O-O Be7 10. Be3 O-O 11. Qd2 b6 12. Rac1 Bb7 13. Rfd1 Nd5 14. Nxd5
exd5 15. Qc2 Rc8 16. Qf5 g6 17. Qh3 f5 18. Bh6 Rf7 19. Ne5 Nxe5 20. dxe5 Rxc1
21. Rxc1 Bc8 22. Qc3 Bb7 23. Bb5 Bf8 24. e6
1-0

[Event "Fagernes Chess International"]
[Site "Fagernes"]
[Date "2015.03.29"]
[Round "3"]
[White "Larsen, Per Magnus"]
[Black "Fossan, Andreas"]
[Result "0-1"]
[WhiteElo "1312"]
[BlackElo "1873"]
[PlyCount "76"]
[EventDate "2015.??.??"]

1. d4 d5 2. c4 c6 3. Nc3 Nf6 4. cxd5 cxd5 5. Bf4 Nc6 6. Nf3 e6 7. e3 a6 8. Ne5
Be7 9. Be2 O-O 10. O-O Nd7 11. Nxc6 bxc6 12. a3 a5 13. Rc1 Ba6 14. Qb3 Bxe2 15.
Nxe2 c5 16. Qb5 Rc8 17. Rc3 c4 18. Ra1 Nf6 19. f3 Nh5 20. Be5 f6 21. Bf4 g5 22.
Bg3 Nxg3 23. Nxg3 Rb8 24. Qa4 Rxb2 25. Rc2 Qb6 26. Ne2 Rb8 27. Nc3 Rb3 28. Kf2
Rxc3 29. Rca2 Rb3 30. Kg3 Qb5 31. Qxb5 R8xb5 32. a4 Rb6 33. Rc1 Rb2 34. Raa1
Bd6+ 35. f4 h5 36. h4 gxf4+ 37. Kf3 e5 38. g4 e4#
0-1

[Event "Fagernes Chess International"]
[Site "Fagernes"]
[Date "2015.03.29"]
[Round "3"]
[White "Jacobsen, Caroline Beer"]
[Black "Bjørgvik, Jan Arne"]
[Result "1-0"]
[WhiteElo "1668"]
[BlackElo "1833"]
[PlyCount "127"]
[EventDate "2015.??.??"]

1. e4 d5 2. exd5 Qxd5 3. Nc3 Qd8 4. d4 e6 5. Nf3 Nf6 6. b3 Bb4 7. Bb2 Ne4 8.
Qd3 Bxc3+ 9. Bxc3 Nxc3 10. Qxc3 O-O 11. g3 b6 12. Bg2 Bb7 13. O-O Qd6 14. Qb2
Nd7 15. Rfd1 Nf6 16. c4 Rfd8 17. b4 Qe7 18. a4 a5 19. b5 Be4 20. Ne5 Bxg2 21.
Kxg2 Qd6 22. Qe2 Re8 23. Qf3 h6 24. h4 h5 25. Qf4 Rf8 26. f3 Nd7 27. Nc6 Qxf4
28. gxf4 Rfe8 29. Rac1 Nb8 30. Nxb8 Raxb8 31. c5 Rbc8 32. d5 exd5 33. Rxd5 Rcd8
34. Rcd1 Rxd5 35. Rxd5 Re2+ 36. Kg3 Ra2 37. cxb6 cxb6 38. Rd4 Kf8 39. f5 Ke7
40. Kf4 f6 41. Ke4 Rc2 42. Kd3 Rc1 43. Rc4 Ra1 44. Ke4 Kd7 45. Rd4+ Ke7 46. Kd5
Rc1 47. Rc4 Rd1+ 48. Kc6 Rd6+ 49. Kc7 Rd3 50. Re4+ Kf7 51. Rf4 Rb3 52. Kxb6 Rb4
53. Re4 Rb3 54. Kxa5 Rxf3 55. b6 Rxf5+ 56. Ka6 Rd5 57. b7 Rd8 58. Ka7 g5 59.
hxg5 fxg5 60. b8=Q Rxb8 61. Kxb8 Kf6 62. a5 g4 63. a6 g3 64. a7
1-0

[Event "Fagernes Chess International"]
[Site "Fagernes"]
[Date "2015.03.29"]
[Round "3"]
[White "Robertsen, Bjørn"]
[Black "Mrachek, Svetlana"]
[Result "0-1"]
[WhiteElo "1810"]
[BlackElo "1617"]
[PlyCount "42"]
[EventDate "2015.??.??"]

1. e4 e6 2. d4 d5 3. Nd2 Nf6 4. e5 Nfd7 5. Bd3 c5 6. c3 Nc6 7. Ne2 Qb6 8. Nf3
Be7 9. Bb1 cxd4 10. cxd4 Qb4+ 11. Nc3 Nb6 12. a3 Qa5 13. Bd3 Nc4 14. Qb3 Nb4
15. Qd1 Nxd3+ 16. Qxd3 Bd7 17. Nd2 Rc8 18. O-O Qb6 19. Nxc4 Rxc4 20. Rd1 f6 21.
f4 Rxd4
0-1

[Event "Fagernes Chess International"]
[Site "Fagernes"]
[Date "2015.03.29"]
[Round "3"]
[White "Ingebretsen, Jens E"]
[Black "Standal, Bård"]
[Result "1/2-1/2"]
[WhiteElo "1449"]
[BlackElo "1771"]
[PlyCount "50"]
[EventDate "2015.??.??"]

1. d4 Nf6 2. c4 g6 3. Nc3 Bg7 4. e4 d6 5. Nf3 O-O 6. Qc2 Nbd7 7. Be2 e5 8. Bg5
h6 9. Bh4 g5 10. Bg3 Re8 11. d5 a5 12. O-O Nc5 13. Nd2 a4 14. b4 axb3 15. axb3
Bg4 16. Bxg4 Nxg4 17. h3 Nf6 18. b4 Ncd7 19. Nb3 Rxa1 20. Rxa1 Nh5 21. Bh2 Nf4
22. g3 Ng6 23. c5 dxc5 24. bxc5 Bf8 25. Na4 Qe7
1/2-1/2

[Event "Fagernes Chess International"]
[Site "Fagernes"]
[Date "2015.03.29"]
[Round "3"]
[White "Nilsen, Tobias Lang"]
[Black "Krogseth, Lars Martin"]
[Result "1-0"]
[WhiteElo "1761"]
[BlackElo "1585"]
[PlyCount "33"]
[EventDate "2015.??.??"]

1. e4 Nc6 2. Nf3 f5 3. exf5 d5 4. d4 Bxf5 5. Bd3 Bxd3 6. Qxd3 Qd6 7. O-O O-O-O
8. Ng5 Nh6 9. Re1 Rd7 10. Re6 Qb4 11. c3 Qb6 12. Nd2 Rd6 13. Rxh6 Rxh6 14. Nf7
Rg8 15. Nxh6 gxh6 16. Qxh7 Rg7 17. Qf5+
1-0

[Event "Fagernes Chess International"]
[Site "Fagernes"]
[Date "2015.03.29"]
[Round "3"]
[White "Yilmaz, Kazim"]
[Black "Edakina, Anastasia"]
[Result "1/2-1/2"]
[WhiteElo "1620"]
[BlackElo "1760"]
[PlyCount "117"]
[EventDate "2015.??.??"]

1. e4 c5 2. Nf3 d6 3. d4 cxd4 4. Nxd4 Nf6 5. Nc3 a6 6. a4 e5 7. Nb3 Be7 8. Be2
Be6 9. O-O O-O 10. Be3 Nc6 11. f3 d5 12. exd5 Nxd5 13. Nxd5 Qxd5 14. Rc1 Rfd8
15. Qxd5 Bxd5 16. Rfd1 Bxb3 17. cxb3 Rxd1+ 18. Rxd1 Rd8 19. Rxd8+ Bxd8 20. Bd2
Nd4 21. Bd1 Kf8 22. Bc3 Ke7 23. Bxd4 exd4 24. Kf2 Kd6 25. Ke2 Kc5 26. Kd3 Bf6
27. Bc2 b5 28. axb5 axb5 29. Bd1 Bg5 30. Be2 Bc1 31. Kc2 Be3 32. Kd3 Kb4 33.
Kc2 Kc5 34. Kd3 Bg1 35. h3 Be3 36. Bd1 Kd5 37. Ke2 Bc1 38. Bc2 h6 39. Kd3 b4
40. Ke2 Bxb2 41. Bd3 Ke5 42. Bc4 f6 43. Bd3 Kf4 44. Bc4 Bc3 45. Bd3 Kg3 46. Kf1
Kf4 47. Ke2 g5 48. Bc4 Ke5 49. Bd3 Kf4 50. Bc4 f5 51. Bd3 Ke5 52. Bc4 Kf4 53.
Bd3 g4 54. hxg4 fxg4 55. fxg4 Kxg4 56. Be4 Kg3 57. Kf1 h5 58. Bd3 h4 59. Bc4
1/2-1/2

[Event "Fagernes Chess International"]
[Site "Fagernes"]
[Date "2015.03.29"]
[Round "3"]
[White "Shehzad, Kasher"]
[Black "Lund, Gunnar"]
[Result "0-1"]
[WhiteElo "1589"]
[BlackElo "1719"]
[PlyCount "80"]
[EventDate "2015.??.??"]

1. e4 c5 2. Nf3 d6 3. d4 cxd4 4. Nxd4 Nf6 5. Nc3 a6 6. Be3 e6 7. Bd3 Be7 8. f4
b5 9. a3 Bb7 10. Qe2 Nbd7 11. Nf3 Nc5 12. h3 Ncxe4 13. Nxe4 Nxe4 14. Bxe4 Bxe4
15. Bd4 Bxf3 16. Qxf3 O-O 17. O-O Bf6 18. Bxf6 Qxf6 19. b3 Rac8 20. Rac1 Rc7
21. c4 bxc4 22. bxc4 Qd4+ 23. Kh2 Rxc4 24. Rxc4 Qxc4 25. f5 exf5 26. Qxf5 Qc5
27. Qf3 h6 28. a4 Qe5+ 29. g3 Qd4 30. Qb3 d5 31. Rd1 Qc4 32. Qe3 Rb8 33. Rd2
Qxa4 34. Rxd5 Re8 35. Qd3 Qa2+ 36. Qd2 Re2+ 37. Qxe2 Qxe2+ 38. Kg1 Qe3+ 39. Kh2
Qf2+ 40. Kh1 Qf3+
0-1

[Event "Fagernes Chess International"]
[Site "Fagernes"]
[Date "2015.03.29"]
[Round "3"]
[White "Berntsen-Øybø, August"]
[Black "Brobakken, Lars Erik"]
[Result "1-0"]
[WhiteElo "1717"]
[BlackElo "1284"]
[PlyCount "113"]
[EventDate "2015.??.??"]

1. Nf3 c5 2. e4 Nc6 3. d4 cxd4 4. Nxd4 Qc7 5. Nc3 e6 6. Be3 a6 7. Be2 Nf6 8.
O-O Be7 9. f4 b6 10. e5 Nd5 11. Nxd5 exd5 12. Nf5 O-O 13. Qxd5 Bb7 14. Qf3 Kh8
15. Qg3 g6 16. Nxe7 Nxe7 17. Bd3 Nd5 18. f5 Nxe3 19. Qxe3 Rae8 20. Rae1 Qc5 21.
Qxc5 bxc5 22. Bc4 Kg7 23. f6+ Kg8 24. Kf2 a5 25. Re3 Bc6 26. Rd1 Rb8 27. b3 Rb4
28. Rd6 a4 29. g3 Ra8 30. Bd5 Bxd5 31. Rxd5 c4 32. Rxd7 cxb3 33. cxb3 h5 34.
Rd2 Rab8 35. bxa4 Rxa4 36. a3 Rb7 37. h4 Rba7 38. Rdd3 R4a6 39. Kf3 Kh7 40. Rc3
Kh6 41. Kf4 Ra4+ 42. Re4 Rxa3 43. Rxa3 Rxa3 44. e6 fxe6 45. Rxe6 Ra5 46. g4
Ra4+ 47. Re4 Rxe4+ 48. Kxe4 hxg4 49. Kf4 g3 50. Kxg3 Kh7 51. Kf4 Kg8 52. Ke4
Kf8 53. Kd5 Ke8 54. Ke6 Kf8 55. f7 g5 56. hxg5 Kg7 57. Ke7
1-0

[Event "Fagernes Chess International"]
[Site "Fagernes"]
[Date "2015.03.29"]
[Round "3"]
[White "Grindbakken, Erik"]
[Black "Olsen, William Sandberg"]
[Result "0-1"]
[WhiteElo "1546"]
[BlackElo "1716"]
[PlyCount "98"]
[EventDate "2015.??.??"]

1. c4 c5 2. e3 Nc6 3. Nf3 Nf6 4. d4 cxd4 5. exd4 d5 6. Nc3 Bg4 7. cxd5 Nxd5 8.
Bb5 e6 9. Qa4 Qc7 10. Ne5 Nxc3 11. bxc3 Bh5 12. Nxc6 bxc6 13. Bxc6+ Kd8 14. Bd2
Rc8 15. Bb5 Bd6 16. d5 exd5 17. Qh4+ Qe7+ 18. Qxe7+ Bxe7 19. c4 Bf6 20. Rc1 d4
21. O-O Be2 22. Rfe1 d3 23. Ba5+ Ke7 24. c5 Kf8 25. c6 d2 26. Bb4+ Kg8 27. Bxd2
Bxb5 28. c7 g6 29. Bh6 Ba6 30. Rc6 Bg7 31. Rxa6 Bxh6 32. Rxa7 Kg7 33. Re2 Rhe8
34. Rxe8 Rxe8 35. g3 Rc8 36. Kg2 Kf6 37. Kf3 Ke5 38. h4 Bf8 39. Rb7 Bd6 40. Rb8
Rxc7 41. Rh8 h5 42. Ra8 Rc2 43. a4 Bc5 44. Kg2 Rxf2+ 45. Kh3 Kf6 46. g4 Rf3+
47. Kg2 hxg4 48. Ra5 Rf5 49. Kg3 Bd6+
0-1

[Event "Fagernes Chess International"]
[Site "Fagernes"]
[Date "2015.03.29"]
[Round "3"]
[White "Mørkedal, Øyvind"]
[Black "Shehzad, Alisha"]
[Result "1/2-1/2"]
[WhiteElo "1711"]
[BlackElo "879"]
[PlyCount "139"]
[EventDate "2015.??.??"]

1. e4 e5 2. Nf3 Nc6 3. Bb5 Bc5 4. O-O d6 5. c3 Bd7 6. d4 exd4 7. cxd4 Bb6 8.
Nc3 a6 9. Ba4 Nge7 10. Bc2 Bg4 11. Bb3 O-O 12. Be3 Qd7 13. d5 Na5 14. Bxb6 Nxb3
15. Qxb3 Bxf3 16. gxf3 cxb6 17. Qxb6 Rab8 18. Kh1 Rfd8 19. Rg1 Ng6 20. Qd4 Qe7
21. Ne2 Qe5 22. Rac1 Rbc8 23. Qxe5 Nxe5 24. Nd4 g6 25. Kg2 Kg7 26. Rgd1 Kf6 27.
Ne2 g5 28. Rxc8 Rxc8 29. Rc1 Rxc1 30. Nxc1 h5 31. h3 h4 32. a4 a5 33. b3 b6 34.
Ne2 Nd3 35. Nd4 Ke5 36. Nc6+ Kf4 37. Nd8 f5 38. Ne6+ Ke5 39. Nxg5 fxe4 40. fxe4
Nc5 41. Nf7+ Kxe4 42. Nxd6+ Kxd5 43. Nc4 Kc6 44. Nd2 b5 45. axb5+ Kxb5 46. f4
Kb4 47. f5 Nd7 48. Kf3 Kc3 49. Nc4 Kxb3 50. Nxa5+ Kb4 51. Nc6+ Kc5 52. Ne7 Kd6
53. Ng6 Nf6 54. Kf4 Kd7 55. Nxh4 Ke7 56. Kg5 Kf7 57. Ng6 Ne4+ 58. Kf4 Nf6 59.
h4 Nh5+ 60. Kg5 Nf6 61. h5 Nh7+ 62. Kh6 Nf6 63. Nh8+ Kg8 64. Kg6 Nd5 65. Nf7
Ne7+ 66. Kf6 Nxf5 67. Kg6 Ne7+ 68. Kf6 Nf5 69. h6 Nxh6 70. Nxh6+
1/2-1/2

[Event "Fagernes Chess International"]
[Site "Fagernes"]
[Date "2015.03.29"]
[Round "3"]
[White "Mansoor, Safeer Uddin"]
[Black "Bue, Gunnar"]
[Result "1/2-1/2"]
[WhiteElo "1300"]
[BlackElo "1673"]
[PlyCount "76"]
[EventDate "2015.??.??"]

1. e4 c5 2. Nf3 e6 3. d4 cxd4 4. Nxd4 a6 5. Nc3 Nc6 6. Be3 Nxd4 7. Qxd4 Ne7 8.
Bg5 f6 9. Bh4 Nc6 10. Qd1 Be7 11. Qh5+ g6 12. Qh6 Bf8 13. Qd2 b5 14. a3 Bb7 15.
Bd3 Bg7 16. f4 O-O 17. O-O Rc8 18. Rad1 b4 19. axb4 Qb6+ 20. Bf2 Qxb4 21. Ne2
Qxd2 22. Rxd2 Nb4 23. c3 Nxd3 24. Rxd3 d5 25. exd5 Bxd5 26. Re1 Bc4 27. Rd7
Rfd8 28. Rxd8+ Rxd8 29. Nd4 e5 30. fxe5 fxe5 31. Nf3 Rb8 32. Nxe5 Bxe5 33. Rxe5
Rxb2 34. Bd4 Kf7 35. Rc5 Bd3 36. Rc7+ Ke6 37. Rxh7 Be4 38. g3 Rb8
1/2-1/2

[Event "Fagernes Chess International"]
[Site "Fagernes"]
[Date "2015.03.29"]
[Round "3"]
[White "Sæteren, Erlend"]
[Black "Skjølingstad, Sverre"]
[Result "0-1"]
[WhiteElo "1428"]
[BlackElo "1513"]
[PlyCount "74"]
[EventDate "2015.??.??"]

1. e4 c5 2. Nf3 d6 3. d4 cxd4 4. Nxd4 Nf6 5. Nc3 e6 6. Be3 Be7 7. Be2 a6 8. O-O
b5 9. f4 O-O 10. Bf3 e5 11. Nf5 Nc6 12. Qe1 Bxf5 13. exf5 Nb4 14. Qf2 Rc8 15.
a3 Nc6 16. Rad1 Qc7 17. Nd5 Nxd5 18. Bxd5 Na5 19. Rd2 Nc4 20. Bxc4 Qxc4 21. g4
Rc6 22. g5 f6 23. h4 Rcc8 24. Qg3 Qf7 25. Qg4 Rc4 26. g6 Qe8 27. gxh7+ Kxh7 28.
h5 Rh8 29. Qh3 Kg8 30. Rh2 Bf8 31. Rff2 Kf7 32. Qg3 Ke7 33. fxe5 dxe5 34. b3
Rc3 35. b4 Rc4 36. Rhg2 Qxh5 37. Kf1 Qd1#
0-1

[Event "Fagernes Chess International"]
[Site "Fagernes"]
[Date "2015.03.29"]
[Round "3"]
[White "Hina, Ariza"]
[Black "Galinskyi, Mykhalo"]
[Result "0-1"]
[WhiteElo "816"]
[BlackElo "1490"]
[PlyCount "118"]
[EventDate "2015.??.??"]

1. e4 d5 2. exd5 Qxd5 3. Nc3 Qd6 4. Nf3 a6 5. d3 Nf6 6. Qd2 Bg4 7. Qf4 e6 8.
Ne4 Qxf4 9. Bxf4 Nxe4 10. dxe4 Bd6 11. Bg3 Nc6 12. O-O-O Bxg3 13. hxg3 h6 14.
Rd2 Ke7 15. Ne1 e5 16. Nd3 Rhd8 17. Rh4 Be6 18. Nc5 Rxd2 19. Kxd2 Nd4 20. Nxb7
Rb8 21. Bxa6 Bc8 22. Nc5 Bxa6 23. Nxa6 Rxb2 24. Kd3 Rxc2 25. a4 Rxf2 26. Kc4
Rc2+ 27. Kb4 Rc6 28. Ka5 Nb3+ 29. Kb4 Rb6+ 30. Kc4 Nd2+ 31. Kc3 Rxa6 32. Kxd2
Rxa4 33. Kd3 Ra3+ 34. Kc4 Rxg3 35. Kd5 f6 36. Rh2 Kf7 37. Kc6 Rg4 38. Kd5 Kg6
39. Kc6 Rxe4 40. Kxc7 Kg5 41. g3 Re3 42. Rg2 Kg4 43. Kd6 Rxg3 44. Rxg3+ Kxg3
45. Ke6 e4 46. Kf5 e3 47. Kg6 e2 48. Kxg7 e1=Q 49. Kxh6 Kf3 50. Kg6 Ke4 51.
Kxf6 Qa5 52. Ke6 Qe5+ 53. Kd7 Qf6 54. Kc7 Kd5 55. Kb7 Kc5 56. Ka7 Kb5 57. Kb8
Qe7 58. Kc8 Kb6 59. Kb8 Qb7#
0-1

[Event "Fagernes Chess International"]
[Site "Fagernes"]
[Date "2015.03.29"]
[Round "4"]
[White "Kvisla, Johannes Luangtep"]
[Black "Krogseth, Lars Martin"]
[Result "1-0"]
[WhiteElo "2174"]
[BlackElo "1585"]
[PlyCount "39"]
[EventDate "2015.??.??"]

1. e4 e6 2. d4 d5 3. Nc3 c6 4. Nf3 h6 5. Bd3 Bb4 6. O-O Bxc3 7. bxc3 dxe4 8.
Bxe4 Nf6 9. Bd3 b6 10. Ne5 Bb7 11. Ba3 Nbd7 12. Nc4 c5 13. Nd6+ Ke7 14. Nxb7
Qc7 15. dxc5 bxc5 16. Qf3 Ne5 17. Qg3 Nh5 18. Bxc5+ Qxc5 19. Nxc5 Nxg3 20. hxg3
1-0

[Event "Fagernes Chess International"]
[Site "Fagernes"]
[Date "2015.03.29"]
[Round "4"]
[White "Maloberti, David"]
[Black "Machlik, Endre"]
[Result "1/2-1/2"]
[WhiteElo "2140"]
[BlackElo "2036"]
[PlyCount "44"]
[EventDate "2015.??.??"]

1. d4 d5 2. c4 dxc4 3. e3 e5 4. Bxc4 exd4 5. exd4 Bd6 6. Nf3 Nf6 7. O-O O-O 8.
h3 h6 9. Nc3 Bf5 10. Ne5 Nbd7 11. Bf4 Nb6 12. Bb3 c6 13. Qf3 Bh7 14. Rad1 Bc7
15. d5 Nfxd5 16. Nxd5 Nxd5 17. Bxd5 cxd5 18. Qxd5 Qxd5 19. Rxd5 Rfd8 20. Rfd1
Rxd5 21. Rxd5 Bxe5 22. Bxe5 Be4
1/2-1/2

[Event "Fagernes Chess International"]
[Site "Fagernes"]
[Date "2015.03.29"]
[Round "4"]
[White "Melkevik, Johannes"]
[Black "Johnsen, Kjell Magne"]
[Result "1-0"]
[WhiteElo "2014"]
[BlackElo "2099"]
[PlyCount "79"]
[EventDate "2015.??.??"]

1. e4 e6 2. d4 d5 3. Nd2 Nf6 4. e5 Nfd7 5. Bd3 c5 6. c3 Nc6 7. Ne2 cxd4 8. cxd4
f6 9. exf6 Nxf6 10. Nf3 Bd6 11. O-O Qc7 12. Bg5 O-O 13. Bh4 Bd7 14. Nc3 a6 15.
Re1 Rae8 16. Rc1 Qb8 17. Bg3 Bxg3 18. hxg3 Qa7 19. Bb1 Re7 20. Ne2 Qb6 21. Nf4
Qxb2 22. Rc2 Qb6 23. Rce2 Rfe8 24. Re3 Qc7 25. Ng5 Qd6 26. Qd3 e5 27. dxe5 Nxe5
28. Qd1 h6 29. Ne4 Nxe4 30. Bxe4 d4 31. R3e2 Bc6 32. Qb3+ Kh8 33. Bb1 g5 34.
Rxe5 Rxe5 35. Ng6+ Qxg6 36. Bxg6 Rxe1+ 37. Kh2 R8e7 38. Qb4 Kg7 39. Bd3 Rd1 40.
Qxd4+
1-0

[Event "Fagernes Chess International"]
[Site "Fagernes"]
[Date "2015.03.29"]
[Round "4"]
[White "Machlik, Monika"]
[Black "Løbersli, Henrik Øie"]
[Result "1/2-1/2"]
[WhiteElo "1967"]
[BlackElo "2078"]
[PlyCount "59"]
[EventDate "2015.??.??"]

1. d4 Nf6 2. c4 e6 3. Nc3 Bb4 4. Qc2 O-O 5. a3 Bxc3+ 6. Qxc3 d5 7. Bg5 dxc4 8.
Qxc4 b6 9. Nf3 Ba6 10. Qa4 Qd7 11. Qxd7 Nbxd7 12. Bxf6 gxf6 13. e3 Bxf1 14.
Rxf1 c5 15. Rc1 Rac8 16. Ke2 cxd4 17. Nxd4 Nc5 18. b4 Ne4 19. Nc6 Rc7 20. f3
Nd6 21. Rfd1 Nf5 22. g4 Ne7 23. Nxe7+ Rxe7 24. h4 Rb8 25. f4 Kg7 26. Rd6 Rbb7
27. Rcc6 Red7 28. Rxd7 Rxd7 29. Rc8 f5 30. g5
1/2-1/2

[Event "Fagernes Chess International"]
[Site "Fagernes"]
[Date "2015.03.29"]
[Round "4"]
[White "Smits, Frans"]
[Black "Nilsen, Tobias Lang"]
[Result "1-0"]
[WhiteElo "2064"]
[BlackElo "1761"]
[PlyCount "53"]
[EventDate "2015.??.??"]

1. e4 e6 2. d4 d5 3. e5 c5 4. c3 Nc6 5. Nf3 Nge7 6. Bd3 Bd7 7. O-O Rc8 8. a3
Nf5 9. b4 cxd4 10. b5 Na5 11. cxd4 Nc4 12. a4 Be7 13. Nbd2 Qb6 14. Nxc4 dxc4
15. Bxf5 exf5 16. d5 Bc5 17. e6 fxe6 18. Ne5 exd5 19. Qh5+ g6 20. Qh6 Qf6 21.
Bg5 Qf8 22. Qh4 Be7 23. Rfe1 Bxg5 24. Qxg5 Be6 25. Nxg6 hxg6 26. Qxg6+ Qf7 27.
Rxe6+
1-0